[Event "BL2 Ost 2122 (Women)"]
[Site "Germany"]
[Date "2022.04.09"]
[Round "6.5"]
[White "Anisheva, Varvara"]
[Black "Mai, Iris"]
[Result "1-0"]
[WhiteElo "2076"]
[BlackElo "2011"]
[PlyCount "61"]
[EventDate "2021.11.27"]
[EventType "team-tourn"]
[EventRounds "7"]
[EventCountry "GER"]
[SourceTitle "EXT 2023"]
[Source "ChessBase"]
[SourceDate "2022.10.05"]
[SourceVersion "1"]
[SourceVersionDate "2022.10.05"]
[SourceQuality "1"]
[WhiteTeam "Medizin Erfurt (W)"]
[BlackTeam "Rotation Pankow (W)"]
[WhiteTeamCountry "GER"]
[BlackTeamCountry "GER"]

1. e4 c5 2. g3 d6 3. Bg2 Nf6 4. c3 Bg4 5. Qb3 Nbd7 6. d4 Qc7 7. Na3 Rc8 8. f3 Bh5 9. Ne2 e5 10. 0-0 a6 11. g4 Bg6 12. h4 c4 13. Qd1 h6 14. Nc2 Be7 15. Ne3 Kf8 16. h5 Bh7 17. Ng3 Kg8 18. Nef5 Bf8 19. Be3 Bxf5 20. Nxf5 g6 21. hxg6 fxg6 22. Nh4 Kh7 23. f4 Bg7 24. g5 exf4 25. gxf6 Nxf6 26. Bxf4 g5 27. e5 gxf4 28. Qc2+ Kg8 29. exf6 Bxf6 30. Bd5+ Kf8 31. Ng6+ 1-0

[Event "BL2 Sued 1819 (Women)"]
[Site "Germany"]
[Date "2018.12.09"]
[Round "5.4"]
[White "Kobald, Jacqueline"]
[Black "Anisheva, Varvara"]
[Result "0-1"]
[WhiteElo "1911"]
[BlackElo "2089"]
[PlyCount "130"]
[EventDate "2018.10.27"]
[EventType "team-tourn"]
[EventRounds "7"]
[EventCountry "GER"]
[SourceTitle "CBM 190 Extra"]
[Source "ChessBase"]
[SourceDate "2019.07.15"]
[SourceVersion "1"]
[SourceVersionDate "2019.07.15"]
[SourceQuality "1"]
[WhiteTeam "Stuttgart Wolfbusch (W)"]
[BlackTeam "Erfurt Medizin (W)"]
[WhiteTeamCountry "GER"]
[BlackTeamCountry "GER"]

1. e4 c5 2. Nf3 Nc6 3. d4 cxd4 4. Nxd4 Qc7 5. Nc3 e6 6. g3 a6 7. Bg2 Nf6 8. 0-0 Nxd4 9. Qxd4 Bc5 10. Bf4 d6 11. Qd2 0-0 12. Rad1 Ne8 13. Rfe1 f6 14. Na4 e5 15. Qd5+ Kh8 16. Nxc5 exf4 17. Ne6 Bxe6 18. Qxe6 fxg3 19. hxg3 Qf7 20. Bh3 b5 21. Re3 b4 22. c3 Rb8 23. cxb4 Rxb4 24. b3 Rb6 25. Rc3 Nc7 26. Qxf7 Rxf7 27. Rdc1 Rb7 28. Rc6 g6 29. Rxd6 Kg7 30. Bc8 Ra7 31. Rdc6 a5 32. a4 Re7 33. f3 Kf7 34. Kf2 Ne8 35. R1c5 Nc7 36. Ke3 h6 37. Kd4 h5 38. f4 Ne6+ 39. Bxe6+ Rxe6 40. Rxe6 Kxe6 41. Rc6+ Kf7 42. e5 fxe5+ 43. fxe5 Rb7 44. Kd5 Rxb3 45. Rc7+ Ke8 46. Rc6 Rxg3 47. Ke6 Kd8 48. Rd6+ Ke8 49. Ra6 Kf8 50. Kd7 Re3 51. Ra8+ Kf7 52. Rxa5 Rd3+ 53. Kc6 Ke6 54. Rb5 Ra3 55. a5 h4 56. Rb4 Rxa5 57. Rxh4 Rxe5 58. Rg4 g5 59. Rg1 Kf5 60. Kd6 Re4 61. Kd5 Rf4 62. Rh1 Rf2 63. Kd4 Kf4 64. Rg1 g4 65. Kd3 g3 0-1

[Event "BL 1617 (Women)"]
[Site "Germany"]
[Date "2016.10.23"]
[Round "2.4"]
[White "Schoene, Maria"]
[Black "Anisheva, Varvara"]
[Result "1/2-1/2"]
[WhiteElo "2273"]
[BlackElo "2132"]
[PlyCount "94"]
[EventDate "2016.10.22"]
[EventType "team-tourn"]
[EventRounds "11"]
[EventCountry "GER"]
[SourceTitle "EXT 2018"]
[Source "ChessBase"]
[SourceDate "2017.10.13"]
[SourceVersion "1"]
[SourceVersionDate "2017.10.13"]
[SourceQuality "1"]
[WhiteTeam "Bad Koenigshofen (W)"]
[BlackTeam "Erfurt Medizin (W)"]
[WhiteTeamCountry "GER"]
[BlackTeamCountry "GER"]

1. e4 c5 2. Nf3 d6 3. d4 cxd4 4. Nxd4 Nf6 5. Nc3 a6 6. Be3 e6 7. Be2 Qc7 8. f4 b5 9. a3 Bb7 10. Bf3 Nbd7 11. f5 e5 12. Nb3 Nb6 13. Qe2 Nc4 14. Bc1 Be7 15. Nd2 Nb6 16. 0-0 0-0 17. Rd1 Rfd8 18. g3 Rac8 19. Kh1 d5 20. exd5 Nbxd5 21. Nxd5 Bxd5 22. c3 Qc6 23. Re1 Bc5 24. Bxd5 Qxd5+ 25. Qg2 h6 26. Nf1 Ng4 27. Qxd5 Rxd5 28. Kg2 Rcd8 29. h3 Nf2 30. Re2 Nd3 31. Be3 e4 32. f6 Bxe3 33. Nxe3 Rg5 34. Rf1 gxf6 35. Nf5 Kh7 36. Rxe4 Ne5 37. Rd4 Re8 38. Rd6 Re6 39. Rxe6 fxe6 40. Nd4 Nc4 41. Rxf6 e5 42. Ne6 Rg8 43. Nc5 a5 44. a4 Rc8 45. b4 axb4 46. cxb4 bxa4 47. Nxa4 Rb8 1/2-1/2

[Event "BL2 Ost 1213 (Women)"]
[Site "Germany"]
[Date "2012.10.06"]
[Round "1.4"]
[White "Anisheva, Varvara"]
[Black "Heyme, Sibylle"]
[Result "1-0"]
[WhiteElo "2117"]
[BlackElo "2083"]
[PlyCount "63"]
[EventDate "2012.10.06"]
[EventType "team-tourn"]
[EventRounds "7"]
[EventCountry "GER"]
[SourceTitle "EXT 2018"]
[Source "ChessBase"]
[SourceDate "2017.10.13"]
[SourceVersion "1"]
[SourceVersionDate "2017.10.13"]
[SourceQuality "1"]
[WhiteTeam "Erfurt Medizin (W)"]
[BlackTeam "Rotation Pankow (W)"]
[WhiteTeamCountry "GER"]
[BlackTeamCountry "GER"]

1. e4 d6 2. d4 Nf6 3. Bd3 g6 4. f4 Bg7 5. Nf3 c5 6. c3 a6 7. 0-0 0-0 8. Kh1 b5 9. e5 Ne8 10. Be4 d5 11. dxc5 Nc7 12. Bc2 Ne6 13. Be3 Bb7 14. b4 a5 15. Nd4 Nxd4 16. Bxd4 Nc6 17. bxa5 Rxa5 18. Nd2 Qa8 19. Bb3 e6 20. Nf3 b4 21. cxb4 Rb5 22. a3 f6 23. exf6 Rxf6 24. Bxf6 Bxf6 25. Ra2 Ba6 26. Re1 Bc8 27. Ba4 Rb8 28. Ne5 Nd8 29. Nd7 Bxd7 30. Bxd7 Rxb4 31. axb4 Qxa2 32. Bxe6+ 1-0

[Event "BL2 Ost 1112 (Women)"]
[Site "Germany"]
[Date "2012.02.12"]
[Round "7.3"]
[White "Anisheva, Varvara"]
[Black "Gasik, Anna"]
[Result "1/2-1/2"]
[WhiteElo "2132"]
[BlackElo "2244"]
[PlyCount "70"]
[EventDate "2011.10.29"]
[EventType "team-tourn"]
[EventRounds "7"]
[EventCountry "GER"]
[SourceTitle "EXT 2013"]
[Source "ChessBase"]
[SourceDate "2012.11.22"]
[SourceVersion "1"]
[SourceVersionDate "2012.11.22"]
[SourceQuality "1"]
[WhiteTeam "Erfurt Medizin (W)"]
[BlackTeam "Torgelow (W)"]
[WhiteTeamCountry "GER"]
[BlackTeamCountry "GER"]

1. Nf3 d5 2. g3 Nf6 3. c4 c6 4. cxd5 cxd5 5. Bg2 Nc6 6. 0-0 e5 7. d3 Be7 8. b3 Bg4 9. h3 Bh5 10. Bb2 Qc7 11. Nfd2 Rd8 12. g4 Bg6 13. Qc1 0-0 14. Nf3 Nd7 15. Nc3 Nb6 16. Nb5 Qb8 17. Ba3 e4 18. dxe4 dxe4 19. Bxe7 exf3 20. Bxf8 fxg2 21. Kxg2 Rxf8 22. Qc5 f5 23. Nd6 fxg4 24. hxg4 Ne7 25. Rad1 Be8 26. Rh1 Bc6+ 27. e4 Ng6 28. f3 Bd7 29. Qg5 Qc7 30. Rd2 Nf4+ 31. Kg3 Qc3 32. Rf2 Ne2+ 33. Kg2 Nf4+ 34. Kg3 Ne2+ 35. Kg2 Nf4+ 1/2-1/2

[Event "BL2 Mitte 1011 (Women)"]
[Site "Germany"]
[Date "2010.12.05"]
[Round "4.3"]
[White "Ganske, Franka"]
[Black "Anisheva, Varvara"]
[Result "0-1"]
[WhiteElo "1791"]
[BlackElo "2127"]
[PlyCount "54"]
[EventDate "2010.11.06"]
[EventType "team-tourn"]
[EventRounds "7"]
[EventCountry "GER"]
[SourceTitle "EXT 2012"]
[Source "ChessBase"]
[SourceDate "2011.11.24"]
[SourceVersion "1"]
[SourceVersionDate "2011.11.24"]
[SourceQuality "1"]
[WhiteTeam "Hofheim (W)"]
[BlackTeam "Erfurt Medizin (W)"]
[WhiteTeamCountry "GER"]
[BlackTeamCountry "GER"]

1. d4 Nf6 2. Nf3 c5 3. c3 e6 4. Nbd2 d5 5. Ne5 cxd4 6. cxd4 Qa5 7. e3 Bd6 8. Bd3 Nc6 9. Nxc6 bxc6 10. 0-0 Qc7 11. g3 h5 12. e4 dxe4 13. Nxe4 Nxe4 14. Bxe4 h4 15. Qe2 Bb7 16. f4 hxg3 17. hxg3 0-0-0 18. Be3 g5 19. Rac1 Kb8 20. Qf3 gxf4 21. Bxf4 Bxf4 22. Qxf4 Qxf4 23. Rxf4 Rxd4 24. Bxc6 Rxf4 25. Bxb7 Rb4 26. Ba6 Rxb2 27. Bc4 Rc8 0-1

[Event "BL2 Mitte 1011 (Women)"]
[Site "Germany"]
[Date "2010.12.04"]
[Round "3.3"]
[White "Anisheva, Varvara"]
[Black "Genova, Liubka"]
[Result "1/2-1/2"]
[WhiteElo "2127"]
[BlackElo "2283"]
[PlyCount "62"]
[EventDate "2010.11.06"]
[EventType "team-tourn"]
[EventRounds "7"]
[EventCountry "GER"]
[SourceTitle "EXT 2012"]
[Source "ChessBase"]
[SourceDate "2011.11.24"]
[SourceVersion "1"]
[SourceVersionDate "2011.11.24"]
[SourceQuality "1"]
[WhiteTeam "Erfurt Medizin (W)"]
[BlackTeam "Friedberg (W)"]
[WhiteTeamCountry "GER"]
[BlackTeamCountry "GER"]

1. Nf3 g6 2. g3 Bg7 3. Bg2 e5 4. d3 d5 5. c4 dxc4 6. Qa4+ c6 7. Qxc4 Ne7 8. Bg5 h6 9. Bxe7 Qxe7 10. Nc3 Be6 11. Qa4 Nd7 12. 0-0 0-0 13. Rad1 f5 14. e4 f4 15. d4 Nb6 16. Qc2 fxg3 17. hxg3 Bg4 18. Rd3 Bxf3 19. Bxf3 exd4 20. Ne2 c5 21. Nf4 c4 22. Rd2 d3 23. Qd1 Qd6 24. Bg2 g5 25. Nd5 Bd4 26. Kh1 Nd7 27. f4 gxf4 28. Qg4+ Kh8 29. gxf4 Nf6 30. Nxf6 Qxf6 31. e5 Qg7 1/2-1/2

[Event "BL2 Mitte 1011 (Women)"]
[Site "Germany"]
[Date "2010.11.07"]
[Round "2.4"]
[White "Schulz, Petra"]
[Black "Anisheva, Varvara"]
[Result "1/2-1/2"]
[WhiteElo "2100"]
[BlackElo "2127"]
[PlyCount "92"]
[EventDate "2010.11.06"]
[EventType "team-tourn"]
[EventRounds "7"]
[EventCountry "GER"]
[SourceTitle "EXT 2012"]
[Source "ChessBase"]
[SourceDate "2011.11.24"]
[SourceVersion "1"]
[SourceVersionDate "2011.11.24"]
[SourceQuality "1"]
[WhiteTeam "Leipzig Allianz (W)"]
[BlackTeam "Erfurt Medizin (W)"]
[WhiteTeamCountry "GER"]
[BlackTeamCountry "GER"]

1. e4 c5 2. Nf3 e6 3. c3 Nf6 4. e5 Nd5 5. d4 cxd4 6. cxd4 b6 7. Bc4 Bb7 8. 0-0 Be7 9. Bxd5 Bxd5 10. Nc3 Bb7 11. d5 exd5 12. Nxd5 0-0 13. Bf4 Na6 14. Nxe7+ Qxe7 15. Nd4 Qh4 16. Qd2 Qg4 17. f3 Qg6 18. Rac1 Rac8 19. Rxc8 Rxc8 20. Rc1 Rxc1+ 21. Qxc1 h6 22. a3 Nc5 23. Bg3 Qd3 24. Bf2 Ba6 25. h3 Qg6 26. b4 Nd3 27. Qe3 Nxf2 28. Kxf2 Bc4 29. g4 Qb1 30. Nf5 Qb2+ 31. Kg3 Bf1 32. h4 Qg2+ 33. Kf4 Qh2+ 34. Ke4 Qc2+ 35. Kf4 Qh2+ 36. Ke4 Qc2+ 37. Kf4 Bc4 38. Kg3 Bf1 39. h5 Qg2+ 40. Kf4 Qh2+ 41. Ke4 Bb5 42. Qc3 Bc6+ 43. Ke3 Qg1+ 44. Kf4 Qh2+ 45. Ke3 Qg1+ 46. Kf4 Qh2+ 1/2-1/2

[Event "BL2 West 0809 (Women)"]
[Site "Germany"]
[Date "2008.12.07"]
[Round "4.1"]
[White "Kickert, Germaine Helene"]
[Black "Anisheva, Varvara"]
[Result "1/2-1/2"]
[WhiteElo "1921"]
[BlackElo "2164"]
[PlyCount "31"]
[EventDate "2008.11.08"]
[EventType "team-tourn"]
[EventRounds "7"]
[EventCountry "GER"]
[SourceTitle "EXT 2010"]
[Source "ChessBase"]
[SourceDate "2010.11.25"]
[SourceVersion "1"]
[SourceVersionDate "2010.11.25"]
[SourceQuality "1"]
[WhiteTeam "Delmenhorst (W)"]
[BlackTeam "Erfurt Medizin (W)"]
[WhiteTeamCountry "GER"]
[BlackTeamCountry "GER"]

1. e4 c5 2. Nf3 a6 3. c3 Nf6 4. e5 Nd5 5. d4 e6 6. Bc4 Nb6 7. Bb3 cxd4 8. cxd4 d5 9. 0-0 Nc6 10. Bg5 Be7 11. Bxe7 Qxe7 12. Nc3 Nd7 13. a4 b6 14. Qd2 Bb7 15. Rfe1 Nb4 16. Rac1 1/2-1/2

[Event "BL2 West 0809 (Women)"]
[Site "Germany"]
[Date "2008.12.06"]
[Round "3.1"]
[White "Anisheva, Varvara"]
[Black "Engels, Natia"]
[Result "0-1"]
[WhiteElo "2164"]
[BlackElo "2179"]
[PlyCount "98"]
[EventDate "2008.11.08"]
[EventType "team-tourn"]
[EventRounds "7"]
[EventCountry "GER"]
[SourceTitle "EXT 2010"]
[Source "ChessBase"]
[SourceDate "2010.11.25"]
[SourceVersion "1"]
[SourceVersionDate "2010.11.25"]
[SourceQuality "1"]
[WhiteTeam "Erfurt Medizin (W)"]
[BlackTeam "Steinfurt (W)"]
[WhiteTeamCountry "GER"]
[BlackTeamCountry "GER"]

1. e4 c5 2. Nc3 Nc6 3. g3 Nf6 4. Bg2 d6 5. d3 g6 6. f4 Bg7 7. Nf3 0-0 8. 0-0 Nd4 9. h3 Bd7 10. Be3 Nxf3+ 11. Qxf3 Bc6 12. g4 Nd7 13. f5 b5 14. a3 a5 15. Bg5 b4 16. axb4 cxb4 17. Nd1 a4 18. c3 a3 19. bxa3 bxc3 20. Ra2 h6 21. Bc1 Qb6+ 22. Kh1 Qb1 23. Nxc3 Bxc3 24. Raf2 Ne5 25. Qe3 Qxd3 26. Qxh6 Bxe4 27. g5 Bxg2+ 28. Kxg2 Qe4+ 29. Kh2 Nf3+ 30. Rxf3 Bg7 31. Rf4 Qxf4+ 32. Bxf4 Bxh6 33. gxh6 Rxa3 34. f6 e5 35. Bg5 Rc8 36. Rf2 Rcc3 37. h4 Rh3+ 38. Kg2 Rag3+ 39. Kf1 Rf3 40. Ke2 Rxf2+ 41. Kxf2 d5 42. Ke2 Kh7 43. Kf2 e4 44. Ke2 d4 45. Kd2 Rh2+ 46. Ke1 e3 47. Kd1 Rf2 48. Kc1 Rf1+ 49. Kc2 e2 0-1

[Event "BL2 Sued 0708 (Women)"]
[Site "Germany"]
[Date "2008.01.13"]
[Round "5.3"]
[White "Skibbe, Diana"]
[Black "Anisheva, Varvara"]
[Result "1/2-1/2"]
[WhiteElo "2077"]
[BlackElo "2156"]
[PlyCount "107"]
[EventDate "2007.11.10"]
[EventType "team-tourn"]
[EventRounds "7"]
[EventCountry "GER"]
[SourceTitle "EXT 2009"]
[Source "ChessBase"]
[SourceDate "2008.11.26"]
[SourceVersion "1"]
[SourceVersionDate "2008.11.26"]
[SourceQuality "1"]
[WhiteTeam "Zeulenroda (W)"]
[BlackTeam "Erfurt Medizin (W)"]
[WhiteTeamCountry "GER"]
[BlackTeamCountry "GER"]

1. e4 c5 2. Nf3 e6 3. d4 cxd4 4. Nxd4 Nc6 5. Nb3 Nf6 6. Nc3 a6 7. a4 Bb4 8. Bd3 d5 9. exd5 Nxd5 10. 0-0 Nxc3 11. bxc3 Bxc3 12. Ba3 Qf6 13. Nc5 Bb4 14. Bxb4 Nxb4 15. Ne4 Qe7 16. Bc4 0-0 17. c3 Nc6 18. Qe2 Ne5 19. Bb3 Ng6 20. Rfd1 Bd7 21. Qh5 Rfd8 22. Bc2 Nf4 23. Qg4 Ng6 24. Ng5 h6 25. Nxf7 Qxf7 26. Bxg6 Qf6 27. Rd3 Bc6 28. Rad1 Rxd3 29. Rxd3 Rf8 30. Qg3 Bxa4 31. Rf3 Qd8 32. Rxf8+ Qxf8 33. Qe5 Bb3 34. Bd3 b5 35. Qc7 Bd5 36. c4 bxc4 37. Bxc4 Bxc4 38. Qxc4 Qd6 39. Qc8+ Kf7 40. Qb7+ Kf6 41. Qf3+ Ke7 42. h3 Qb4 43. Qe3 a5 44. Qe5 Kf7 45. Qh5+ Kf8 46. Qf3+ Ke7 47. Qg3 Qe1+ 48. Kh2 Qa1 49. Qc7+ Kf8 50. Qd8+ Kf7 51. Qd7+ Kf6 52. Qd8+ Kf5 53. Qd3+ Kf6 54. Qd8+ 1/2-1/2

[Event "RUS-Cup06"]
[Site "Nizhnij Novgorod"]
[Date "1998.07.02"]
[Round "4"]
[White "Anisheva, Varvara"]
[Black "Chernikova, Svetlana"]
[Result "1/2-1/2"]
[WhiteElo "2190"]
[BlackElo "2120"]
[PlyCount "150"]
[EventDate "1998.06.29"]
[EventType "swiss"]
[EventRounds "9"]
[EventCountry "RUS"]
[SourceTitle "EXT 2000"]
[Source "ChessBase"]
[SourceDate "1999.11.16"]
[SourceVersion "1"]
[SourceVersionDate "1999.11.16"]
[SourceQuality "1"]

1. Nf3 g6 2. g3 Bg7 3. Bg2 c5 4. c4 Nc6 5. 0-0 d6 6. Nc3 Bd7 7. b3 Nf6 8. Bb2 0-0 9. Ne1 Qc8 10. Nd5 Nxd5 11. Bxg7 Kxg7 12. cxd5 Nb4 13. a3 Na6 14. Rc1 Bh3 15. d4 Bxg2 16. Nxg2 Qf5 17. dxc5 Nxc5 18. b4 Na6 19. Ne3 Qe4 20. Rc4 Qe5 21. Qd2 f5 22. Ng2 Rac8 23. Rh4 h5 24. Qg5 Qf6 25. Rxh5 Qxg5 26. Rxg5 Kf6 27. h4 Rc3 28. Ra1 Nc7 29. Nf4 Rg8 30. f3 Nb5 31. a4 Nc7 32. Kf2 Na6 33. g4 Rc4 34. Kg3 fxg4 35. b5 Nc5 36. Rxg4 Kf7 37. Nh3 Rc2 38. Ng5+ Kf6 39. e4 Rc4 40. Rf4+ Ke5 41. Rd1 Rg7 42. Rf8 Rc3 43. Kg4 Nd3 44. f4+ Kd4 45. Ne6+ Kxe4 46. Rxd3 Rxd3 47. Nxg7 Kxd5 48. Rf7 e5 49. fxe5 Kxe5 50. Rxb7 Rd4+ 51. Kg5 Rxa4 52. Re7+ Kd5 53. Re6 Rb4 54. Rxg6 Rxb5 55. Nf5 a5 56. Rxd6+ Ke4 57. Rd4+ Ke5 58. h5 Rb8 59. Ne7 Ra8 60. Nc6+ Ke6 61. Ra4 Ra6 62. Nxa5 Kf7 63. Rf4+ Kg7 64. Nb3 Rc6 65. Nd4 Rc8 66. Rf5 Rc1 67. Ne6+ Kh7 68. Rf7+ Kg8 69. Rg7+ Kh8 70. h6 Rg1+ 71. Kf5 Rf1+ 72. Kg5 Rf5+ 73. Kg4 Rf4+ 74. Kh5 Rh4+ 75. Kg5 Rh5+ 1/2-1/2

[Event "RUS-Cup02"]
[Site "Moscow"]
[Date "1998.??.??"]
[Round "4"]
[White "Anisheva, Varvara"]
[Black "Dragomarezkij, Evgeni"]
[Result "0-1"]
[WhiteElo "2190"]
[BlackElo "2490"]
[PlyCount "80"]
[EventDate "1998.01.21"]
[EventType "swiss"]
[EventRounds "9"]
[EventCountry "RUS"]
[SourceTitle "EXT 1999"]
[Source "ChessBase"]
[SourceDate "1998.11.16"]
[SourceVersion "1"]
[SourceVersionDate "1998.11.16"]
[SourceQuality "1"]

1. Nf3 c5 2. c4 b6 3. g3 Bb7 4. Bg2 g6 5. 0-0 Bg7 6. Nc3 Nf6 7. Re1 d6 8. e4 Nbd7 9. d3 0-0 10. h3 a6 11. Be3 Rb8 12. a4 Bc6 13. Ra2 Qc8 14. Qd2 e5 15. Bh6 b5 16. Bxg7 Kxg7 17. axb5 axb5 18. b3 Rd8 19. Rea1 Nf8 20. Nd5 Ne8 21. Nh4 Ne6 22. Ne7 Qd7 23. Nxc6 Qxc6 24. Nf5+ Kh8 25. Nh6 Qd7 26. Ra7 Rb7 27. Rxb7 Qxb7 28. Qa5 Kg7 29. Nf5+ Kf8 30. Ne3 N8c7 31. Qc3 Nd4 32. Kh2 b4 33. Qb2 Ra8 34. Rxa8+ Qxa8 35. Ng4 h5 36. Nf6 Kg7 37. Nd5 Nxd5 38. exd5 Qa3 39. Qd2 Qxb3 40. g4 Qc2 0-1